[Event "SRB-chT3 East"]
[Site "Kladovo"]
[Date "2008.10.23"]
[Round "6.5"]
[White "Milanovic, Predrag"]
[Black "Jovanovic, Milan"]
[Result "1-0"]
[WhiteElo "2187"]
[BlackElo "2032"]
[PlyCount "101"]
[EventDate "2008.09.14"]
[EventType "team"]
[EventRounds "11"]
[EventCountry "SRB"]
[SourceTitle "EXT 2012"]
[Source "ChessBase"]
[SourceDate "2011.11.24"]
[SourceVersion "1"]
[SourceVersionDate "2011.11.24"]
[SourceQuality "1"]

1. e4 c5 2. Nf3 Nc6 3. d4 cxd4 4. Nxd4 Qb6 5. Nb3 Nf6 6. Nc3 e6 7. Be3 Qc7 8. a3 a6 9. Be2 b5 10. 0-0 Be7 11. f4 d6 12. Bf3 Rb8 13. Rc1 Nd7 14. Ne2 Nb6 15. Nd2 Bf6 16. c3 0-0 17. b4 d5 18. e5 Be7 19. Nd4 f6 20. exf6 Rxf6 21. Be2 Bd7 22. Bd3 Bd6 23. g3 Ne7 24. Bf2 Rbf8 25. N2f3 Nf5 26. Qe2 Be8 27. Ng5 Bd7 28. Ngf3 Nc4 29. Nb3 Rg6 30. Kh1 Rh6 31. Kg1 Bc8 32. Nc5 Re8 33. Bxf5 Bxf4 34. gxf4 Qxf4 35. Bd3 e5 36. Bg3 Qg4 37. Rce1 e4 38. Bxc4 bxc4 39. Nd4 Qg6 40. Rf4 Rh3 41. Qf2 h5 42. Kh1 Bg4 43. Nf5 Qf6 44. Nd6 Qxd6 45. Rxg4 Qe7 46. Rf4 g5 47. Rf6 h4 48. Bd6 Qg7 49. Qf5 Rf3 50. Qxf3 exf3 51. Rxe8+ 1-0